000 00688nam a2200289Ia 4500
005 20260324122042.0
008 008 260324s9999 xx 000 0 eng d
020 _a9781315655246
037 _aEBOOK
040 _aCRL
040 _beng
040 _cCRL
041 _2eng
041 _aeng
084 _qCRL
100 _aCatherine Lee
_91164921
245 0 _aPolicing Prostitution, 1856–1886
245 0 _bDeviance, Surveillance and Morality
260 _bTaylor and Francis
260 _c2013
365 _a
365 _b255
856 _uhttp://www.taylorfrancis.com/books/9781315655246
942 _cEBOOK
999 _c1757393
_d1757393